Solo palabras

Gardado en:
Detalles Bibliográficos
Autor Principal: Botas, José M.
Formato: Libro
Idioma:Undetermined
Publicado: España Grossi Oviedo 1982
Materias:
Etiquetas: Engadir etiqueta
Sen Etiquetas, Sexa o primeiro en etiquetar este rexistro!

MARC

LEADER 00000nam a2200000Ia 4500
008 170316s9999 xx 000 0 und d
040 |a cru BVZT 
090 |a 862 B-19s 
100 |a Botas, José M. 
245 |a Solo palabras 
260 |a España 
260 |b Grossi Oviedo 
260 |c 1982 
300 |a 62 páginas 
650 |a LITERATURA ESPAÑOLA 
650 |a POESÍA 
999 |c 9531  |d 9531 
942 |c 15 D  |h 862 B-19s  |2 z